| 000 | 00676nam a22001937a 4500 | ||
|---|---|---|---|
| 003 | NUST-PNEC | ||
| 005 | 20170116180739.0 | ||
| 008 | 141211b xxu||||| |||| 00| 0 eng d | ||
| 020 | _a0805374701 | ||
| 040 | _cPNEC | ||
| 082 | _a005.73 MAI | ||
| 100 |
_91106 _aMain, Michael |
||
| 245 |
_aData structures & other objects using C++ _cMichael Main |
||
| 260 |
_aReading, Mass. : _bAddison Wesley, _cc1997. |
||
| 300 |
_axxxi, 751 pages : _billustrations, map ; _c23 cm |
||
| 651 | _xComputer, MIS | ||
| 856 | _uhttp://www.amazon.com/Data-Structures-Other-Objects-Using/dp/0805374701/ref=sr_1_1?s=books&ie=UTF8&qid=1418322740&sr=1-1&keywords=0805374701 | ||
| 942 |
_2ddc _cBK |
||
| 999 |
_c62138 _d62138 |
||